00673cam a22002297a 4500003000500000005001700005008004100022010001000063011001000073020001500083035001000098040000900108082002100117100002500138245009300163260004400256300003000300500005000330650001600380700002400396700002300420CHAP20220329142254.0000418d1998 mx a r 00010 spa d a80871 a81843 a9681853059 a92324 cCHAP04a575.1bG37Y 199100aGardner, Eldon John.10aPrincipios de genéticac/por Eldon John Gardner, Michael J. Simmons y D. Peter Snustad aMéxico, D. F. :bLimusa Wiley,c1998. a649 p. :bilus., glosario aTrad. de : Principles of genetics. 8 ed, 199114aGenética.0 aSimmons, Michael J.0 aSnustad, D. Peter.